A Modul-Stor Hungary Kft sajátfejlesztésű darucsaládjának termékmarketingje

Bibliographic Details
Main Author: Gőz Máté
Other Authors: Szilágyi Dr. Zoltán
Format: Final Paper
Kulcsszavak:daru
termékmarketing
új termék
Online Access:http://dolgozattar.uni-bge.hu/9118

MARC

LEADER 00000nta a2200000 i 4500
001 dolg9118
005 20161215170142.0
008 161215suuuu hu o 000 hun d
040 |a BGE Dolgozattár Repozitórium  |b hun 
041 |a hu 
100 1 |a Gőz Máté 
245 1 2 |a A Modul-Stor Hungary Kft sajátfejlesztésű darucsaládjának termékmarketingje  |c Gőz Máté  |h [elektronikus dokumentum] 
516 |a Final_paper 
695 |a daru 
695 |a termékmarketing 
695 |a új termék 
700 1 |a Szilágyi Dr. Zoltán  |e ths 
856 4 0 |u http://dolgozattar.uni-bge.hu/9118/1/G%C5%91z_M%C3%A1t%C3%A9_DIPLOMA.pdf  |z Dokumentum-elérés 
856 4 0 |u http://dolgozattar.uni-bge.hu/9118/2/G%C5%91z_M%C3%A1t%C3%A9_NYILATKOZAT.pdf  |z Dokumentum-elérés